Statistiques concernant Télécommunications: que suis-je ?

Cliquez ici pour prendre le quiz!

Statistiques générales

  • Ce quiz a été pris 16 fois
  • Le résultat moyen est 23 sur 50

Statistiques - réponses

Réponse% Correct
Minitel
100%
Cabine téléphonique
93%
Radio
93%
Télévision
93%
Antenne
86%
Tablette
86%
Talkie Walkie
86%
Télécommande
86%
Annuaire
79%
Code Morse
79%
Ordinateur portable
79%
Smartphone
79%
Téléphone mobile
79%
Interphone
71%
Modem
71%
Parabole
71%
Téléphone sans fil
71%
Babyphone
64%
Ordinateur fixe
64%
Radar
64%
Box internet
57%
Fibres optiques
50%
Satellite
50%
Télégramme
50%
Téléphone à cadran
50%
Cadran téléphonique
43%
Antenne de télévision
36%
Câble coaxial
36%
Câble Sous-Marin
36%
Clavier téléphonique
36%
Standard téléphonique
36%
Répondeur
29%
Téléphone de voiture
29%
Téléphone satellitaire
29%
Centre d'appel
21%
Fil téléphonique
21%
Télécopieur
21%
Téléphone de campagne
21%
Téléviseur Haute Définition
21%
Radio transistor
14%
Citizen Band
7%
Téléphone à ficelle
7%
Téléphone manuel
7%
Bélinographe
0%
Filtre ADSL
0%
Héliographe
0%
Système de navigation
0%
Télégraphe Chappe
0%
Télégraphe Edison
0%
Teléscripteur
0%

Distribution des résultats

Percentile par nombre de réponses

% des personnes avec chaque résultat

Votre développement - résultats

Vous n’avez pas pris ce quiz